Datum a čas kvízu

25.5 Celkem bodů Celkový počet nahraných bodů na tomto kvízu bez doplňovacích otázek.
5. Pořadí na kvízu Konečné umístění týmu na tomto kvízu.

Zaznamenané odpovědi

# Otázka Odpověď Body Výsledky
1. Petr Pavel si jako první český... Jana Vohralíková, Markéta Řeháková 0
2. Jedna z největších evropských... Itálie 0
3. Takovou party ještě strašnické... Petr Hošek 1
4. Letošní celonárodní akci Suche... umění 0
5. Ve čtvrtek měl premiéru další... Zlatan Ibrahimović, Tomáš Ujfaluši 1
6. Nyní se zaměříme na umělce a j... Josef Toufar 1
7. Postava francouzského malíře P... B) šimpanz 1
8. Za kontroverzní byla považován... Jackson Pollock 1
9. Slavný italský umělec Maurizio... o banán 1
10. V poslední otázce se vrátíme k... České republiky 1